000 00767nam a2200289Ia 4500
005 20260324112628.0
008 008 260324s9999 xx 000 0 eng d
020 _a9781003461418
037 _aEBOOK
040 _aCRL
040 _beng
040 _cCRL
041 _2eng
041 _aeng
084 _qCRL
100 _aPrabhat Kumar Srivastav; Basudeo Singh Roohani; Nitin Sharma; Prateek Singhal
_91143493
245 0 _aWeb 3.0
245 4 _bThe Next Generation's Internet and Understanding the Concept of the Metaverse
260 _bTaylor and Francis
260 _c2024
365 _a
365 _b260
856 _uhttp://www.taylorfrancis.com/books/9781003461418
942 _cEBOOK
999 _c1732767
_d1732767